00571nam a2200181Ia 450000500170000000800410001704000190005804100120007708200160008924501070010526000260021230000260023850400240026465000180028865100470030670000260035385000100037920230316104116.0131103s9999 xx 000 0 und d aLoreto College aEnglish a822.33bSHA aWilliam Shakespeareb the complete works cedited with an introdyction and glossary by Peter Alexander aLondonbCollinsc1959 axxxii,13444 p.b ill. aThe Players edition aEnglish Drama aShakespeare, William - Plays - Collections aAlexander, Peter, ed. aLCLIB